000
00295nam a22001337a 4500
008
170407b xxu||||| |||| 00| 0 eng d
020
_a
0683024254
041
_a
eng
080
_a
616
100
_a
9
101
_a
SHM
245
_a
PEDIATRIC SURGICAL PATHOLOGY
_c
DEHNER,L,P
942
_2
udc
_c
BK
999
_c
10285
_d
10285